000 00668nam a2200217 a 4500
001 HSB005933
003 PILC
005 20150803130252.0
008
020 _a9789719344650
050 _aN 7327
_b.M371 2007
100 _aMasangcay, Nik.
245 0 _aPhilippines /
_bby Nik Masangkay ; text, Marlene Aguilar.
250 _a1st edition
260 _aManila :
_bJamayco Publishing House,
_c2007.
300 _a170 pages :
_billustrations (chiefly color) ;
_c29 cm.
650 _aArt, Modern
_x20th century
_xPhilippines.
650 _aArt, Modern
_xPictorial works.
700 _aAguilar, Marlene.
942 _2lcc
_cBK
999 _c288303
_d288303